[Event "Titled Tuesday intern op 06th May Early"]
[Site "Chess.com INT"]
[Date "2025.05.06"]
[Round "11"]
[White "Jakubowski, Krzysztof"]
[Black "Levitan, Judah Nathan"]
[Result "1-0"]
[WhiteElo "2448"]
[BlackElo "2127"]
[PlyCount "101"]
[EventDate "2025.05.06"]
[EventType "swiss (blitz)"]
[EventRounds "11"]
[EventCountry "USA"]
[SourceTitle "CB20_2025"]
[SourceDate "2025.05.14"]
[SourceVersion "1"]
[SourceVersionDate "2025.05.14"]
[SourceQuality "1"]

1. e4 c5 2. Nf3 e6 3. d4 cxd4 4. Nxd4 Nf6 5. Nc3 Nc6 6. a3 d5 7. exd5 Nxd5 8. Nxc6 bxc6 9. Ne4 Be7 10. c4 Nf6 11. Nxf6+ Bxf6 12. Qxd8+ Kxd8 13. Kd1 c5 14. Kc2 Bb7 15. f3 Ke7 16. Be3 Rac8 17. Be2 Bd4 18. Bxd4 cxd4 19. Rhd1 Rhd8 20. b4 Ba6 21. Kb3 d3 22. Bxd3 Rxd3+ 23. Rxd3 Bxc4+ 24. Kc3 Bxd3+ 25. Kxd3 Kd6 26. Re1 Kd5 27. Re4 Rc1 28. Rd4+ Ke5 29. f4+ Kf5 30. b5 e5 31. fxe5 Kxe5 32. Ra4 Rb1 33. Kc4 Rc1+ 34. Kb4 Rb1+ 35. Ka5 Kd5 36. Ka6 Kc5 37. Rf4 f6 38. a4 Rb2 39. Kxa7 Rxg2 40. b6 Rxh2 41. b7 Rb2 42. b8Q Rxb8 43. Kxb8 h5 44. Kb7 g5 45. Rxf6 Kb4 46. Rg6 g4 47. Kc6 Kxa4 48. Kd5 Kb3 49. Ke4 Kc3 50. Kf4 Kd4 51. Rh6 1-0

[Event "Titled Tuesday intern op 04th Mar Early"]
[Site "Chess.com INT"]
[Date "2025.03.04"]
[Round "7"]
[White "Jakubowski, Krzysztof"]
[Black "Fu, Yihe Rebo"]
[Result "0-1"]
[WhiteElo "2457"]
[BlackElo "2123"]
[PlyCount "42"]
[EventDate "2025.03.04"]
[EventType "swiss (blitz)"]
[EventRounds "11"]
[EventCountry "USA"]
[SourceTitle "CB11_2025"]
[SourceDate "2025.03.12"]
[SourceVersion "1"]
[SourceVersionDate "2025.03.12"]
[SourceQuality "1"]

1. e4 e6 2. d4 d5 3. Nc3 dxe4 4. Nxe4 Nd7 5. Nf3 Be7 6. Bc4 h6 7. 0-0 Ngf6 8. Nxf6+ Nxf6 9. Qe2 0-0 10. Rd1 b6 11. Ne5 Bb7 12. Rd3 Bd5 13. Rg3 Bxc4 14. Qxc4 Kh8 15. Rh3 Qd5 16. Qxc7 Qxd4 17. Be3 Qxb2 18. Rf1 Nd5 19. Bxh6 gxh6 20. Nxf7+ Rxf7 21. Qg3 Qg7 0-1

[Event "Titled Tuesday intern op 04th Mar Early"]
[Site "Chess.com INT"]
[Date "2025.03.04"]
[Round "3"]
[White "Jakubowski, Krzysztof"]
[Black "Tari, Aryan"]
[Result "0-1"]
[WhiteElo "2457"]
[BlackElo "2621"]
[PlyCount "100"]
[EventDate "2025.03.04"]
[EventType "swiss (blitz)"]
[EventRounds "11"]
[EventCountry "USA"]
[SourceTitle "CB11_2025"]
[SourceDate "2025.03.12"]
[SourceVersion "1"]
[SourceVersionDate "2025.03.12"]
[SourceQuality "1"]

1. Nf3 Nf6 2. g3 c5 3. c4 Nc6 4. Bg2 d5 5. cxd5 Nxd5 6. 0-0 e5 7. b3 e4 8. Ne1 Qf6 9. Nc2 Bf5 10. Nba3 0-0-0 11. Nc4 h5 12. Bb2 Qe6 13. h4 f6 14. N2e3 Nxe3 15. Nxe3 Bh3 16. Bxh3 Qxh3 17. Qc2 Nd4 18. Bxd4 Rxd4 19. Ng2 Qg4 20. e3 Rd7 21. b4 Rc7 22. Rfc1 Kb8 23. bxc5 Bxc5 24. Qa4 Rhc8 25. Rc4 Qe2 26. Rxe4 Qxd2 27. Rd1 Qb2 28. Re8 a6 29. Rxc8+ Rxc8 30. Rd7 g5 31. Rf7 Rd8 32. Rd7 Rc8 33. Qe4 Ka7 34. a4 Qb4 35. Qh7 Rc6 36. Qxh5 Qxa4 37. Qf7 Qb4 38. h5 f5 39. h6 Rxh6 40. Rd1 Rd6 41. Rxd6 Bxd6 42. Qxf5 a5 43. Qxg5 a4 44. Qd5 a3 45. g4 Qb1+ 46. Ne1 Qxe1+ 47. Kg2 Qb4 48. g5 Qc5 49. Qg8 Qc6+ 50. f3 Qc2+ 0-1

[Event "Titled Tuesday intern op 04th Feb Early"]
[Site "Chess.com INT"]
[Date "2025.02.04"]
[Round "11"]
[White "Jakubowski, Krzysztof"]
[Black "Morales, Carlos1"]
[Result "1-0"]
[WhiteElo "2449"]
[BlackElo "2157"]
[PlyCount "103"]
[EventDate "2025.02.04"]
[EventType "swiss (blitz)"]
[EventRounds "11"]
[EventCountry "USA"]
[SourceTitle "CB07_2025"]
[SourceDate "2025.02.12"]
[SourceVersion "1"]
[SourceVersionDate "2025.02.12"]
[SourceQuality "1"]

1. e4 c6 2. d4 d5 3. f3 dxe4 4. fxe4 e5 5. Nf3 Bg4 6. Bc4 Nd7 7. c3 Bd6 8. 0-0 Ngf6 9. Bg5 h6 10. Bxf6 gxf6 11. Qb3 Qe7 12. Qxb7 Rb8 13. Qxc6 0-0 14. Bb3 exd4 15. Nxd4 Rfc8 16. Qa6 Nc5 17. Nc6 Nxa6 18. Nxe7+ Bxe7 19. Nd2 Nc5 20. h3 Be6 21. Bxe6 fxe6 22. b3 Nd3 23. Rf3 Ne5 24. Rg3+ Kf7 25. Rf1 Rd8 26. Nf3 Nxf3+ 27. Rgxf3 Rbc8 28. e5 f5 29. g4 Rg8 30. Kh1 Rc5 31. gxf5 exf5 32. Rxf5+ Ke6 33. Rh5 Rg6 34. Re1 Rxc3 35. Rd1 Rc2 36. a4 Rc3 37. b4 Rc4 38. b5 Rxa4 39. Rc1 Kd7 40. e6+ Rxe6 41. Rd5+ Rd6 42. Rf5 Rh4 43. Rf3 Rh5 44. Ra3 Rxb5 45. Rxa7+ Ke8 46. Re1 Rd7 47. Ra8+ Kf7 48. Rf1+ Bf6 49. Ra6 Rd3 50. Rfxf6+ Ke7 51. Rxh6 Rb2 52. Rh7+ 1-0

[Event "Titled Tuesday intern op 28th Jan Early"]
[Site "Chess.com INT"]
[Date "2025.01.28"]
[Round "5"]
[White "Jakubowski, Krzysztof"]
[Black "Kshatriya, Nitin Vekhande"]
[Result "1-0"]
[WhiteElo "2442"]
[BlackElo "2133"]
[PlyCount "52"]
[EventDate "2025.01.28"]
[EventType "swiss (blitz)"]
[EventRounds "11"]
[EventCountry "USA"]
[SourceTitle "CB06_2025"]
[SourceDate "2025.02.05"]
[SourceVersion "1"]
[SourceVersionDate "2025.02.05"]
[SourceQuality "1"]

1. e4 c5 2. Nf3 d6 3. d4 cxd4 4. Nxd4 Nf6 5. Nc3 g6 6. Be3 Bg7 7. f3 0-0 8. Bc4 Nc6 9. Bb3 Bd7 10. h4 Rc8 11. h5 Nxh5 12. g4 Nxd4 13. Bxd4 Bxd4 14. Qxd4 Nf4 15. Qd2 e5 16. Qh2 h5 17. gxh5 Nxh5 18. 0-0-0 Qf6 19. Nd5 Qg5+ 20. f4 exf4 21. Rdg1 Bg4 22. Rxg4 Qxg4 23. Nf6+ Kg7 24. Nxg4 Rh8 25. Qf2 Rce8 26. Qd4+ Kg8 1-0

[Event "Titled Tuesday intern op 28th Jan Early"]
[Site "Chess.com INT"]
[Date "2025.01.28"]
[Round "6"]
[White "Jakubowski, Krzysztof"]
[Black "Naroditsky, Daniel"]
[Result "0-1"]
[WhiteElo "2442"]
[BlackElo "2619"]
[PlyCount "96"]
[EventDate "2025.01.28"]
[EventType "swiss (blitz)"]
[EventRounds "11"]
[EventCountry "USA"]
[SourceTitle "CB06_2025"]
[SourceDate "2025.02.05"]
[SourceVersion "1"]
[SourceVersionDate "2025.02.05"]
[SourceQuality "1"]

1. e4 c5 2. Nf3 Nf6 3. e5 Nd5 4. Nc3 e6 5. Bc4 Nb6 6. d3 Nc6 7. Bf4 d5 8. exd6 Bxd6 9. Bxd6 Qxd6 10. Ne4 Qe7 11. Bb5 Bd7 12. 0-0 0-0 13. a4 Rad8 14. a5 Nd5 15. Re1 a6 16. Bxc6 Bxc6 17. Ne5 Be8 18. Qf3 f6 19. Nc4 Bc6 20. Qg3 e5 21. Ned2 Qc7 22. f3 Nf4 23. Qf2 Ne6 24. Nb3 Bd5 25. Nbd2 Rd7 26. Rac1 Nd4 27. Qh4 Re8 28. Kh1 Nc6 29. Ra1 Be6 30. Qe4 Bf7 31. Qe3 Nd4 32. Rac1 Ne6 33. Ne4 Rdd8 34. Nb6 Nd4 35. Qf2 Kh8 36. Ra1 Re7 37. Ra3 Ree8 38. Rc3 Qe7 39. Na4 c4 40. dxc4 f5 41. Ng3 Qc7 42. Nb6 Qc5 43. Ra3 Qc7 44. Raa1 Bxc4 45. c3 Nb3 46. Rad1 Be6 47. Rxd8 Rxd8 48. Rxe5 Qxe5 0-1

[Event "Titled Tuesday intern op 14th Jan Early"]
[Site "Chess.com INT"]
[Date "2025.01.14"]
[Round "2"]
[White "Jakubowski, Krzysztof"]
[Black "Jimenez Salas, Maria Teresa"]
[Result "1-0"]
[WhiteElo "2442"]
[BlackElo "2113"]
[PlyCount "91"]
[EventDate "2025.01.14"]
[EventType "swiss (blitz)"]
[EventRounds "11"]
[EventCountry "USA"]
[SourceTitle "CB04_2025"]
[SourceDate "2025.01.22"]
[SourceVersion "1"]
[SourceVersionDate "2025.01.22"]
[SourceQuality "1"]

1. e4 c5 2. Nf3 Nc6 3. d4 cxd4 4. Nxd4 Nf6 5. Nc3 d6 6. Bg5 e6 7. Qd2 a6 8. 0-0-0 Bd7 9. f3 Be7 10. h4 0-0 11. Kb1 b5 12. Nxc6 Bxc6 13. Ne2 d5 14. Nd4 Bb7 15. e5 Nd7 16. f4 Rc8 17. Bd3 Nc5 18. g4 f6 19. exf6 Bxf6 20. Qe3 Bxd4 21. Qxd4 Qd7 22. h5 Nxd3 23. cxd3 h6 24. Bxh6 gxh6 25. g5 Qc7 26. gxh6 Kh7 27. Rhg1 Rg8 28. a3 Rcf8 29. Rc1 Rxg1 30. Qxg1 Qf7 31. Qb6 Rc8 32. Rg1 Rg8 33. Rc1 Rc8 34. Re1 Rc6 35. Qd8 Rc8 36. Qb6 Rc6 37. Qd8 Rc8 38. Qd6 Re8 39. f5 e5 40. Rg1 Qxf5 41. Qc7+ Kxh6 42. Rg6+ Qxg6 43. hxg6 Bc8 44. Qh7+ Kg5 45. Qf7 Rd8 46. Qe7+ 1-0

[Event "Titled Tuesday intern op 14th Jan Early"]
[Site "Chess.com INT"]
[Date "2025.01.14"]
[Round "4"]
[White "Jakubowski, Krzysztof"]
[Black "Kubicka, Anna"]
[Result "1-0"]
[WhiteElo "2442"]
[BlackElo "2230"]
[PlyCount "89"]
[EventDate "2025.01.14"]
[EventType "swiss (blitz)"]
[EventRounds "11"]
[EventCountry "USA"]
[SourceTitle "CB04_2025"]
[SourceDate "2025.01.22"]
[SourceVersion "1"]
[SourceVersionDate "2025.01.22"]
[SourceQuality "1"]

1. e4 c5 2. Nf3 d6 3. d4 cxd4 4. Nxd4 Nf6 5. Nc3 a6 6. g3 e5 7. Nb3 Be7 8. Bg5 Nbd7 9. a4 0-0 10. Bg2 b6 11. 0-0 Bb7 12. Re1 Rc8 13. Nd2 h6 14. Bxf6 Nxf6 15. Nf1 Rc4 16. Re3 Rd4 17. Qe1 Re8 18. Nd2 Bf8 19. Nf3 Rc4 20. Nd2 Rc7 21. Rd1 Qa8 22. Qe2 d5 23. exd5 Nxd5 24. Bxd5 Bxd5 25. Rxe5 Rce7 26. Rxe7 Rxe7 27. Qd3 Bc6 28. Nc4 Rd7 29. Qf1 Rxd1 30. Qxd1 Qe8 31. Qe2 Qd7 32. Ne5 Qd6 33. Nxc6 Qxc6 34. Qxa6 Qe6 35. Qe2 Qf6 36. Qe8 Qd4 37. Kg2 g6 38. Qe4 Qd2 39. Qe2 Qd4 40. Qd3 Qb4 41. Qb5 Qd4 42. Qd5 Qb4 43. Qb3 Qd6 44. Ne4 Qc6 45. Qf3 1-0

[Event "Titled Tuesday intern op 07th Jan Early"]
[Site "Chess.com INT"]
[Date "2025.01.07"]
[Round "7"]
[White "Dushyant, Sharma"]
[Black "Jakubowski, Krzysztof"]
[Result "1-0"]
[WhiteElo "2313"]
[BlackElo "2442"]
[PlyCount "65"]
[EventDate "2025.01.07"]
[EventType "swiss (blitz)"]
[EventRounds "11"]
[EventCountry "USA"]
[SourceTitle "CB03_2025"]
[SourceDate "2025.01.15"]
[SourceVersion "1"]
[SourceVersionDate "2025.01.15"]
[SourceQuality "1"]

1. e4 c6 2. d4 d5 3. exd5 cxd5 4. Bd3 Nc6 5. c3 e6 6. f4 f5 7. Nf3 Nf6 8. 0-0 Be7 9. Ne5 Bd7 10. Nd2 0-0 11. Ndf3 Rb8 12. Be3 b5 13. Nxc6 Bxc6 14. Ne5 Qc7 15. a3 Rfc8 16. Qf3 Be8 17. g4 Ne4 18. Qh3 g6 19. Bxe4 dxe4 20. Kh1 a5 21. Rg1 fxg4 22. Qxg4 Rb6 23. h4 Bf6 24. h5 Qg7 25. d5 Rd6 26. Bd4 Rcd8 27. dxe6 Qh6 28. Qh3 Rxd4 29. cxd4 Rxd4 30. Ng4 Qf8 31. hxg6 Bxg6 32. f5 Rd3 33. Qh2 1-0

[Event "Titled Tuesday intern op 07th Jan Early"]
[Site "Chess.com INT"]
[Date "2025.01.07"]
[Round "4"]
[White "Jakubowski, Krzysztof"]
[Black "Krush, Irina"]
[Result "1-0"]
[WhiteElo "2442"]
[BlackElo "2378"]
[PlyCount "111"]
[EventDate "2025.01.07"]
[EventType "swiss (blitz)"]
[EventRounds "11"]
[EventCountry "USA"]
[SourceTitle "CB03_2025"]
[SourceDate "2025.01.15"]
[SourceVersion "1"]
[SourceVersionDate "2025.01.15"]
[SourceQuality "1"]

1. e4 c5 2. Nf3 d6 3. d4 cxd4 4. Nxd4 Nf6 5. Nc3 Nc6 6. Bg5 e6 7. Qd2 a6 8. 0-0-0 Bd7 9. f3 Nxd4 10. Qxd4 Be7 11. h4 Qc7 12. Kb1 0-0 13. Qd2 Bc6 14. Ne2 Bb5 15. Nd4 Bxf1 16. Rhxf1 Rac8 17. g4 Rfe8 18. Rf2 d5 19. e5 Nd7 20. Bxe7 Rxe7 21. f4 Nc5 22. Qe3 Ne4 23. Rg2 Qb6 24. Ka1 Rec7 25. g5 Rc4 26. h5 g6 27. hxg6 fxg6 28. Rh2 R8c7 29. a3 a5 30. Qh3 a4 31. Qxe6+ Qxe6 32. Nxe6 Rxc2 33. Rxc2 Rxc2 34. Rxd5 Nd2 35. Nd4 Nb3+ 36. Nxb3 axb3 37. Kb1 Rf2 38. Kc1 Rxf4 39. Rb5 Rf5 40. Rxb3 Rxe5 41. Rxb7 Rxg5 42. b4 h5 43. Kd2 h4 44. Re7 h3 45. Re1 h2 46. Rh1 Rg2+ 47. Kc3 g5 48. b5 g4 49. b6 g3 50. b7 Rg1 51. b8Q+ Kg7 52. Qb7+ Kg6 53. Qf3 Rxh1 54. Qxh1 Kg5 55. Qg2 Kg4 56. a4 1-0

[Event "Bialystok Zamenhof Memorial 43rd"]
[Site "Bialystok"]
[Date "2024.12.30"]
[Round "8"]
[White "Jakubowski, Krzysztof"]
[Black "Malek, Jan"]
[Result "1/2-1/2"]
[WhiteElo "2442"]
[BlackElo "2498"]
[PlyCount "74"]
[EventDate "2024.12.27"]
[EventType "swiss"]
[EventRounds "9"]
[EventCountry "POL"]
[SourceTitle "CB02_2025"]
[SourceDate "2025.01.08"]
[SourceVersion "1"]
[SourceVersionDate "2025.01.08"]
[SourceQuality "1"]

1. e4 e5 2. Nf3 Nc6 3. Nc3 Nf6 4. d4 exd4 5. Nxd4 Bb4 6. Nxc6 bxc6 7. Bd3 0-0 8. 0-0 Re8 9. Bg5 h6 10. Bh4 d5 11. exd5 g5 12. Bg3 cxd5 13. Nb5 Ba5 14. Nd4 Bb6 15. Nc6 Qd7 16. Ne5 Qa4 17. b3 Qd4 18. c3 Qxc3 19. Rc1 Qd4 20. Rc6 Rxe5 21. Rxb6 Qxb6 22. Bxe5 Ba6 23. Bxa6 Qxa6 24. Qd4 Nh5 25. Qxd5 Re8 26. g3 Nf6 27. Qd4 c5 28. Qxc5 Ng4 29. Bd4 Nxh2 30. Kxh2 Qxf1 31. Qc6 Rd8 32. Qxh6 Rxd4 33. Qxg5+ Kh7 34. Qh5+ Kg8 35. Qg5+ Kh7 36. Qf5+ Kg8 37. Qg5+ Kh7 1/2-1/2

[Event "Titled Tuesday intern op 26th Nov Late"]
[Site "Chess.com INT"]
[Date "2024.11.26"]
[Round "8"]
[White "Atoyan, Alberto"]
[Black "Jakubowski, Krzysztof"]
[Result "0-1"]
[WhiteElo "2133"]
[BlackElo "2444"]
[PlyCount "52"]
[EventDate "2024.11.26"]
[EventType "swiss (blitz)"]
[EventRounds "11"]
[EventCountry "USA"]
[SourceTitle "CB49_2024"]
[SourceDate "2024.12.04"]
[SourceVersion "1"]
[SourceVersionDate "2024.12.04"]
[SourceQuality "1"]

1. e4 c6 2. d4 d5 3. Nd2 dxe4 4. Nxe4 Nf6 5. Nxf6+ exf6 6. c3 Bd6 7. Bd3 0-0 8. Qc2 Re8+ 9. Ne2 h5 10. 0-0 Qc7 11. h3 Nd7 12. Bd2 Nf8 13. Rae1 Bd7 14. c4 Rad8 15. Nc3 Qc8 16. Rxe8 Rxe8 17. Re1 Rxe1+ 18. Bxe1 Bb8 19. Qe2 Qc7 20. Qf3 Qh2+ 21. Kf1 Ne6 22. Qe4 Nf4 23. g4 Qxh3+ 24. Kg1 Qxg4+ 25. Kf1 Qh3+ 26. Kg1 f5 0-1